Annual Report 2015 : Faculty of Electrical Engineering and Information Technology
Salvato in:
| Natura: | Libro |
|---|---|
| Lingua: | inglese |
| Pubblicazione: |
Bratislava :
STU v Bratislave FEI,
2016
|
| Tags: |
Nessun Tag, puoi essere il primo ad aggiungerne!!
|
MARC
| LEADER | 00000nam a22000003a 4500 | ||
|---|---|---|---|
| 001 | 0018288 | ||
| 003 | SK-STU | ||
| 005 | 20221208180358.4 | ||
| 007 | ta | ||
| 008 | 161027s ----xo-----e------000-0-----d | ||
| 040 | |a STU |b slo | ||
| 041 | 0 | |a eng | |
| 044 | |a xo | ||
| 245 | 1 | 0 | |a Annual Report 2015 : |b Faculty of Electrical Engineering and Information Technology |
| 260 | |a Bratislava : |b STU v Bratislave FEI, |c 2016 | ||
| 996 | |b 284EO00452 |c E*O-452 |l EE0104 |s P |a 0 |w 0018288_0001 | ||